Statistics for The Doors Studio Albums

Click here to take the quiz!

General Stats

  • This quiz has been taken 265 times
  • The average score is 5 of 6

Answer Stats

YearAlbum% Correct
1967The Doors
98%
1971L.A. Woman
97%
1970Morrison Hotel
91%
1967Strange Days
90%
1969The Soft Parade
79%
1968Waiting For The Sun
78%

Score Distribution

Percentile by Number Answered

Percent of People with Each Score

Your Score History

You have not taken this quiz